Statistics for Famous Painters By Their Paintings

Click here to take the quiz!

General Stats

  • This quiz has been taken 395 times
  • The average score is 5 of 7

Answer Stats

Answer% Correct
Leonardo Da Vinci
100%
Michelangelo
81%
Salvador Dali
70%
Vermeer
70%
Edgar Degas
58%
Rembrandt
48%
Picasso
44%

Score Distribution

Percentile by Number Answered

Percent of People with Each Score

Your Score History

You have not taken this quiz